Nihil nuovum...

Bibliographic Details
Main Author: Himič, Peter, 1969- (Author)
Format: Article
Language:Slovak
PhysicalDescription:Fotogr. 1
ISSN:0323-2883
Subjects:

MARC

LEADER 00000nab a2200000 a 4500
001 vtls000620240
003 SK-MaSNL
005 20260304085214.0
008 250425c1997 xo 0 slo
015 |a SNBRB19rr/mm-uuuuu 
035 |a CL0620379 
035 |a urn:nbn:sk:snk-abdpld 
035 |a (urnnbn)urn:nbn:sk:snk:ar-0013pa 
035 |a (uuid)8645cb06-1c9f-4945-b263-f50d1f799cec 
040 |a SNKBUCL  |b slo  |c SNKBUCL  |e AACR2 
041 0 |a slo 
044 |a xo  |c SK 
080 |a 792.2  |2 1981 
100 1 |a Himič, Peter,  |d 1969-  |4 aut  |9 14037 
245 1 0 |a Nihil nuovum...  |c Peter Himič 
300 |b Fotogr. 1 
500 |a Réžia Ivan Holub 
600 1 7 |a Holub, Ivan,  |d 1964-  |t Pohreb  |2 snkbucl  |9 169250 
610 2 7 |a Divadlo Jonáša Záborského  |2 snkbucl  |9 29722 
655 7 |a recenzie  |2 snkbucl  |9 21907 
655 7 |a články z novín a časopisov  |2 snkbucl  |9 267496 
773 0 |t Javisko  |g Roč. 29, č. 3 (1997), s. 15-16  |x 0323-2883 
850 |a Slovenská národná knižnica 
852 |a Slovenská národná knižnica 
954 |a odborná, vedecká literatúra pôvodná (slovenská)  |2 lita 
958 |a article19 
958 |a OND 
958 |a RK 
958 |a EUIPO 
992 |a RBX 
999 |c 2806949  |d 2808879